Salvation to the ends of the earth : (Record no. 8822)

MARC details
000 -LEADER
fixed length control field 01321cam a22003374a 4500
001 - CONTROL NUMBER
control field 12311288
003 - CONTROL NUMBER IDENTIFIER
control field GBCCL
005 - DATE AND TIME OF LATEST TRANSACTION
control field 20241126110659.0
008 - FIXED-LENGTH DATA ELEMENTS--GENERAL INFORMATION
fixed length control field 010215s2001 enk b 001 0 eng
010 ## -
-- 2001024039
020 ## - INTERNATIONAL STANDARD BOOK NUMBER
International Standard Book Number 0851115195 (UK)
020 ## - INTERNATIONAL STANDARD BOOK NUMBER
International Standard Book Number 0830826114 (US)
040 ## - CATALOGING SOURCE
Original cataloging agency DLC
Transcribing agency DLC
Modifying agency DLC
042 ## -
-- pcc
050 00 -
-- BV2073
-- .K67 2001
082 00 - DEWEY DECIMAL CLASSIFICATION NUMBER
Classification number 266.001
Edition information 21
Item number KOS
100 1# - MAIN ENTRY--PERSONAL NAME
Personal name Köstenberger, Andreas J.,
Dates associated with a name 1957-
9 (RLIN) 32
245 10 - TITLE STATEMENT
Title Salvation to the ends of the earth :
Remainder of title a biblical theology of mission /
Statement of responsibility, etc. Andreas J. Köstenberger with T Desmond Alexander
250 ## - EDITION STATEMENT
Edition statement 2nd ed.
260 ## - PUBLICATION, DISTRIBUTION, ETC.
Place of publication, distribution, etc. Leicester, England :
Name of publisher, distributor, etc. Apollos ;
Place of publication, distribution, etc. Downers Grove, Ill. :
Name of publisher, distributor, etc. InterVarsity Press,
Date of publication, distribution, etc. 2020.
300 ## - PHYSICAL DESCRIPTION
Extent 377 p. ;
Dimensions 22 cm.
490 1# - SERIES STATEMENT
Series statement New studies in biblical theology ;
Volume/sequential designation 53
504 ## - BIBLIOGRAPHY, ETC. NOTE
Bibliography, etc. note Includes bibliographical references (p. 275-310) and indexes.
650 #0 - SUBJECT ADDED ENTRY--TOPICAL TERM
Topical term or geographic name entry element Missions
General subdivision Biblical teaching.
9 (RLIN) 481
700 1# - ADDED ENTRY--PERSONAL NAME
Personal name Alexander, T Desmond
9 (RLIN) 4256
700 1# - ADDED ENTRY--PERSONAL NAME
Personal name Carson, D.A.
9 (RLIN) 20
830 #0 -
-- New studies in biblical theology (InterVarsity Press) ;
-- 11.
-- 15517
906 ## - LOCAL DATA ELEMENT F, LDF (RLIN)
a 7
b cbc
c orignew
d 1
e ocip
f 20
g y-gencatlg
942 ## - ADDED ENTRY ELEMENTS (KOHA)
Source of classification or shelving scheme Dewey Decimal Classification
Koha item type Books
Koha issues (borrowed), all copies 1
Holdings
Withdrawn status Lost status Source of classification or shelving scheme Damaged status Not for loan Home library Current Library Shelving location Date acquired Total checkouts Full call number Barcode Date last seen Date last checked out Copy number Price effective from Koha item type
    Dewey Decimal Classification     GRACE BIBLE COLLEGE GRACE BIBLE COLLEGE Ministry & Mission 2021-11-05 1 266.001 KOS 015276 2025-05-01 2023-10-24 c.1 2021-11-05 Books
© Grace Bible College Library 2025